000 00863nam a2200241 i 4500
001 bg
003 KOSZ 005
005 20190722100437.0
008 080411s1962 pl a f 001 0 pol
015 _aPB 1962/2647
040 _aWA N
_cKOSZ 005/RW
_dKOSZ 005/RW
080 _a621.3
100 1 _aDzierzbicki, Stanisław
_d(1910-1988).
245 1 0 _aWysokonapięciowe aparaty łączeniowe :
_bzasady działania /
_cStanisław Dzierzbicki.
260 _aWarszawa :
_bWydawnictwa Naukowo-Techniczne,
_c1962.
300 _a338 s. :
_bil. ;
_c25 cm.
380 _aKsiążki.
504 _aBibliogr. s. [320]-334. Indeks.
521 8 _aDla inżynierów i studentów.
710 2 _aWydawnictwa Naukowo-Techniczne
_4pbl.
856 _uhttp://koha.tu.koszalin.pl/cgi-bin/koha/opac-detail.pl?biblionumber=10775
_yKatalog online BPK
942 _2UKD
_cKS
999 _c10775
_d10775